Kegenio [juego] : juego del saber /

Guardado en:
Formato: Objeto Físico
Publicado: Argentina : Rainbow, 199?
Materias:
Etiquetas: Agregar Etiqueta
Sin Etiquetas, Sea el primero en etiquetar este registro!
LEADER 00823nrm a22001575g 4500
001 CEM.cems019117
008 130507b199?##################0###0#####d
005 20220830192238.0
003 CEMS
245 0 0 |a Kegenio [juego] :  |b juego del saber /  |c Rainbow. 
260 |a Argentina :  |b Rainbow,  |c 199? 
300 |a 1 juego (1 tablero, 1 dado, 1 ruleta, 6 p.eones y 36 anillos de colores distintos, 6 libros con preguntas y respuestas de 6 temas diferentes) ; en caja 49 x 25 x 4 cm. con instrucciones. 
500 |a Para 2 a 6 jugadores. a partir de 7 años. divertite demostrando lo que sabés y aprendiendo lo que no conocés. objetivo:ser el primero en conseguir los 6 anillos planetarios y llegar a "galaxia". 
082 0 4 |a J793.73 
653 |a 1.juegos de preguntas y respuestas 
859 |a CEMS  |b BIB. CEMS - Ludoteca  |h J793.73  |i R134  |p 007.92  |t Ej.1